000 00614nam a2200229Ia 4500
003 0100
008 130227s9999 xx 000 0 und d
020 _a0253205891
040 _cARRUPELIB
050 _aBD450.G6827 1990
100 _aGraybeal, Jean
245 _aLanguage and 'the feminine' in Nietzsche and Heidegger
260 _aBloomington
260 _bIndiana University Press
260 _C1990
300 _a182p
300 _b 21cm
650 _bNatural theology
650 _cChristianity and other religions - Hinduism
650 _dHinduism - Relations - Christianity
942 _2lcc
_01
999 _c5851
_d5851